00579 2200193 4500001002100000005001500021035002000036007000300056008004100059020000600100082002000106084001800126100001900144245006900163250000600232260005300238300004800291650004600339INLIS00000000000454220260423100552 a0010-0426000067ta260423 g 0 ind  a- a352.140 959 835 a352.140 BUD m0 aBudiman Arifin1 aMembangun Bulungan 2005-2010 /cBudiman Arifin (Bupati Bulungan) a- aBulungan :bPemerintah Kabupaten Bulungan,c2010 a113 Hal :bIlustrasi Berwarna; Teks ;c21cm 4aPembangunan Daerah - Indonesia - Bulungan